[Event "Niedersachsen-chT U14"]
[Site "Rotenburg"]
[Date "2000.06.16"]
[Round "1.4"]
[White "Koeritz, Jan Hendrik"]
[Black "Hohnholz, Arndt"]
[Result "0-1"]
[WhiteElo "385"]
[BlackElo "817"]
[PlyCount "94"]
[EventDate "2000.06.16"]
[EventType "team"]
[EventRounds "7"]
[EventCountry "GER"]
[SourceTitle "EXT 2003"]
[Source "ChessBase"]
[SourceDate "2002.11.25"]
[SourceVersion "1"]
[SourceVersionDate "2002.11.25"]
[SourceQuality "1"]

1. d4 d6 2. c4 Nf6 3. Nc3 g6 4. e4 Bg7 5. Nf3 0-0 6. Be2 c5 7. dxc5 dxc5 8. Qxd8 Rxd8 9. 0-0 a5 10. Rd1 Nc6 11. Bf4 a4 12. Rxd8+ Nxd8 13. Rd1 Nc6 14. Nb5 Nxe4 15. Nc7 Rb8 16. Ne6 Ra8 17. Nd8 Nd4 18. Nxd4 cxd4 19. Bf3 Nc5 20. Re1 e6 21. Bd6 Ra5 22. Bc7 Ra6 23. Be5 d3 24. Bxg7 Kxg7 25. Re3 Rd6 26. Re5 b6 27. Nb7 Nxb7 28. Bxb7 Bxb7 29. h3 d2 30. Kf1 d1Q+ 31. Re1 Qxe1+ 32. Kxe1 Bxg2 33. Ke2 Bxh3 34. Ke3 Bf1 35. Kf3 Bxc4 36. Kf4 f6 37. f3 Bxa2 38. Kg3 Rd2 39. Kh3 Rxb2 40. Kg3 Bd5 41. Kf4 Re2 42. Kg3 a3 43. Kf4 a2 44. Kg3 a1Q 45. Kf4 Qe5+ 46. Kg4 Rg2+ 47. Kh4 Qh2# 0-1